[Event "II Weekend INPS"]
[Site "Roma ITA"]
[Date "1997.??.??"]
[Round "2"]
[White "Pezzaldi, Roberto"]
[Black "Zagaglia, Alessandro"]
[Result "1-0"]
[WhiteElo "2095"]
[BlackElo "1537"]
[PlyCount "55"]
[EventDate "1997.??.??"]

1. c4 e5 2. Nc3 Nc6 3. g3 Nf6 4. Bg2 d6 5. Nf3 Bg4 6. h3 Be6 7. Ng5 Bxc4 8.
Bxc6+ bxc6 9. Qa4 Bb5 10. Nxb5 cxb5 11. Qxb5+ Qd7 12. Qb7 Qd8 13. Qc6+ Nd7 14.
Qd5 Qxg5 15. Qxa8+ Qd8 16. Qxa7 Be7 17. d3 O-O 18. O-O Nb6 19. Qb7 f5 20. Bd2
d5 21. Rac1 Bd6 22. Bb4 Rf7 23. Bxd6 cxd6 24. Qc6 d4 25. a4 f4 26. a5 fxg3 27.
fxg3 Qg5 28. Qe8+ 1-0

[Event "II Weekend INPS"]
[Site "Roma ITA"]
[Date "1997.??.??"]
[Round "2"]
[White "Piccioni, Marco"]
[Black "Mazziotto, Nicola"]
[Result "1/2-1/2"]
[WhiteElo "1651"]
[BlackElo "1570"]
[PlyCount "88"]
[EventDate "1997.??.??"]

1. e4 d6 2. d4 Nf6 3. Nc3 g6 4. Nf3 Bg7 5. Be2 O-O 6. O-O Bg4 7. h3 Bxf3 8.
Bxf3 e5 9. dxe5 dxe5 10. Qe2 Nc6 11. Be3 Nd4 12. Bxd4 exd4 13. Rfd1 Re8 14. e5
c5 15. Bxb7 Rb8 16. Qf3 Rxe5 17. Na4 Qc7 18. Bc6 Rf5 19. Qg3 Qxg3 20. fxg3 Nd5
21. Nxc5 Ne7 22. Nd7 Rxb2 23. Ba4 d3 24. Rxd3 Rxc2 25. Re1 Rxa2 26. Rxe7 Rxa4
27. Re8+ Bf8 28. Nxf8 Kg7 29. Rf3 Rxf3 30. gxf3 Rd4 31. Ra8 a5 32. Nxg6 hxg6
33. Rxa5 Rd2 34. Re5 f5 35. g4 Kf6 36. Re8 Kg5 37. gxf5 gxf5 38. Kf1 Kf4 39.
Re2 Rd3 40. Kg2 Rxf3 41. Rf2 Rxf2+ 42. Kxf2 Ke4 43. Ke2 f4 44. h4 f3+ 1/2-1/2

[Event "II Weekend INPS"]
[Site "Roma ITA"]
[Date "1997.??.??"]
[Round "2"]
[White "Pierangeli, Andrea"]
[Black "Chiaretti, Roberto"]
[Result "0-1"]
[WhiteElo "1783"]
[BlackElo "2150"]
[PlyCount "108"]
[EventDate "1997.??.??"]

1. e4 e6 2. d4 d5 3. exd5 exd5 4. Bd3 Nc6 5. c3 Bd6 6. Be3 Nge7 7. Nd2 O-O 8.
Qc2 g6 9. O-O-O Bf5 10. h4 Qd7 11. h5 b5 12. Bxf5 Qxf5 13. hxg6 fxg6 14. Ne2
Na5 15. Rh3 Nc4 16. Rdh1 Rf7 17. Nxc4 dxc4 18. Ng3 Qxc2+ 19. Kxc2 Bxg3 20. Rxg3
Nd5 21. Rf3 Rxf3 22. gxf3 Rf8 23. Rh3 h5 24. Kd2 Rf5 25. Ke2 Kf7 26. Bd2 Kf6
27. b3 Kf7 28. Rh1 Rf6 29. bxc4 bxc4 30. Rb1 Rb6 31. Rxb6 cxb6 32. a4 Ke6 33.
Kf1 Kd7 34. Kg2 Kc6 35. Kg3 b5 36. a5 Kb7 37. f4 Ne7 38. Kh4 Nf5+ 39. Kh3 Ka6
40. Bc1 Kxa5 41. Ba3 Kb6 42. Bc5+ Kc6 43. Bb4 Kd5 44. Kg2 Ke4 45. Ba5 Kxf4 46.
Bc7+ Ke4 47. Ba5 Ne7 48. Kh3 Nc6 49. Bc7 a5 50. f3+ Kd5 51. Bf4 b4 52. Bd2 b3
53. Bc1 Nxd4 54. Kg3 Ne2+ 0-1

[Event "II Weekend INPS"]
[Site "Roma ITA"]
[Date "1997.??.??"]
[Round "2"]
[White "Ramondino, Renzo"]
[Black "Abuhamdieh, Arafat"]
[Result "1-0"]
[WhiteElo "1600"]
[BlackElo "1294"]
[PlyCount "73"]
[EventDate "1997.??.??"]

1. e4 e5 2. Bc4 Nf6 3. f4 d6 4. Nf3 Bg4 5. Nc3 Nc6 6. d3 Nd4 7. fxe5 dxe5 8.
Bxf7+ Ke7 9. Bc4 Nxf3+ 10. gxf3 Bh5 11. Bg5 c6 12. Qe2 b5 13. Bb3 Kd7 14. d4
Qe8 15. O-O-O Kc7 16. dxe5 Qxe5 17. Qd2 Bd6 18. f4 Qe7 19. Qxd6+ Qxd6 20. Rxd6
Kxd6 21. e5+ Kc7 22. exf6 gxf6 23. Bxf6 Rhf8 24. Be5+ Kb7 25. Ne4 Rad8 26. Nc5+
Kb6 27. Ne6 a5 28. Bc7+ Kb7 29. Bxd8 a4 30. Nxf8 axb3 31. axb3 c5 32. Nxh7 Kc8
33. Bb6 c4 34. bxc4 bxc4 35. Re1 Kb7 36. Bd4 Bg6 37. Re7+ 1-0

[Event "II Weekend INPS"]
[Site "Roma ITA"]
[Date "1997.??.??"]
[Round "2"]
[White "Rovatti, Paolo"]
[Black "Scacco, Mauro"]
[Result "1-0"]
[WhiteElo "1714"]
[BlackElo "2045"]
[PlyCount "125"]
[EventDate "1997.??.??"]

1. d4 Nf6 2. Nf3 g6 3. Bg5 Bg7 4. e3 O-O 5. Be2 c5 6. c3 d5 7. Nbd2 Nc6 8. dxc5
e5 9. O-O Be6 10. b4 Qc7 11. Nb3 Ne4 12. Rc1 h6 13. Bh4 f5 14. Nfd2 g5 15. Nxe4
dxe4 16. b5 Ne7 17. Bxg5 hxg5 18. Qd6 Qxd6 19. cxd6 Ng6 20. Nc5 Bxa2 21. Nxb7
f4 22. c4 Rf7 23. Na5 Bf8 24. Ra1 Bxd6 25. Rxa2 fxe3 26. fxe3 Bc5 27. Rxf7 Kxf7
28. Kf2 Kg7 29. Bg4 Nf4 30. Bf5 Nd3+ 31. Kg3 Rf8 32. Bxe4 Nc1 33. Rf2 Bxe3 34.
Rxf8 Kxf8 35. Kf3 Bb6 36. Nc6 Nb3 37. Kg4 Nd2 38. Bd5 e4 39. Ne5 e3 40. Bf3 Bd4
41. Nd3 Nxc4 42. Be2 Nd6 43. Ne1 Ne4 44. Nf3 Bb6 45. Nxg5 Nc3 46. Kf3 Kg8 47.
Ne4 Nb1 48. h4 Kf8 49. g4 Kg7 50. Nd6 Nd2+ 51. Kf4 Nb3 52. Nf5+ Kh8 53. Nxe3
Nd4 54. Bc4 Kh7 55. g5 Kg7 56. Nf5+ Kg6 57. Nxd4 Bxd4 58. Kg4 Kg7 59. h5 Be3
60. h6+ Kh8 61. Kh5 Bd2 62. g6 Bxh6 63. Kxh6 1-0

[Event "II Weekend INPS"]
[Site "Roma ITA"]
[Date "1997.??.??"]
[Round "2"]
[White "Satta, Vladimiro"]
[Black "Iacoacci, Giancarlo"]
[Result "1-0"]
[WhiteElo "2230"]
[BlackElo "1600"]
[PlyCount "85"]
[EventDate "1997.??.??"]

1. e4 c5 2. c3 d6 3. d4 Nf6 4. dxc5 Nc6 5. f3 dxc5 6. Qxd8+ Nxd8 7. Na3 a6 8.
Nc4 b5 9. Nb6 Rb8 10. Nxc8 Rxc8 11. a4 c4 12. axb5 axb5 13. Ra5 Rb8 14. Bf4 Rb7
15. Ne2 e6 16. Nd4 b4 17. Bxc4 bxc3 18. Bb5+ Nd7 19. bxc3 Be7 20. Ke2 O-O 21.
Bxd7 Rxd7 22. Rd1 Rb7 23. Rb5 Ra7 24. c4 f6 25. Be3 Ra2+ 26. Rd2 Ra4 27. Rc2 e5
28. Nf5 Re8 29. Nxe7+ Rxe7 30. Rb8 Re8 31. Bb6 Rb4 32. Rxd8 Rxd8 33. Bxd8 Rb8
34. Ba5 Rc8 35. c5 Rc6 36. Kd3 Kf7 37. Kc4 Ke6 38. Kb5 Rc8 39. c6 f5 40. exf5+
Kxf5 41. c7 g5 42. Kc6 g4 43. Kb7 1-0

[Event "II Weekend INPS"]
[Site "Roma ITA"]
[Date "1997.??.??"]
[Round "2"]
[White "Scavo, Fernando"]
[Black "Collalto, Alessio"]
[Result "1-0"]
[WhiteElo "2185"]
[BlackElo "1600"]
[PlyCount "47"]
[EventDate "1997.??.??"]

1. e4 e6 2. d4 d5 3. e5 c5 4. c3 Qb6 5. Nf3 Bd7 6. a3 Bb5 7. c4 dxc4 8. Nc3 Bc6
9. Bxc4 Bxf3 10. Qxf3 cxd4 11. Ne4 Be7 12. O-O Nc6 13. Qg3 Kf8 14. Bf4 h5 15.
Qf3 Qc7 16. Rac1 h4 17. Rfe1 Nh6 18. Bxe6 fxe6 19. Bxh6+ Ke8 20. Bxg7 Rg8 21.
Bf6 Rf8 22. Qb3 Qd7 23. Bxe7 Kxe7 24. Nc5 1-0

[Event "II Weekend INPS"]
[Site "Roma ITA"]
[Date "1997.??.??"]
[Round "2"]
[White "Simeoni, Matteo"]
[Black "Sposito, Paolo"]
[Result "1-0"]
[WhiteElo "1830"]
[BlackElo "1459"]
[PlyCount "37"]
[EventDate "1997.??.??"]

1. e4 e6 2. d4 d5 3. Nc3 Bb4 4. Bd3 c5 5. exd5 Bxc3+ 6. bxc3 Qxd5 7. Nf3 Nf6 8.
O-O O-O 9. Re1 c4 10. Bf1 a5 11. Re5 Qd6 12. Bxc4 Nbd7 13. Re1 Nb6 14. Bd3 Bd7
15. Bg5 Kh8 16. Ne5 Qe7 17. Qf3 Nbd5 18. Qh3 h6 19. c4 1-0

[Event "II Weekend INPS"]
[Site "Roma ITA"]
[Date "1997.??.??"]
[Round "2"]
[White "Siraco, Maurizio"]
[Black "Ianniello, Riccardo"]
[Result "1/2-1/2"]
[WhiteElo "1911"]
[BlackElo "2300"]
[PlyCount "80"]
[EventDate "1997.??.??"]

1. e4 e5 2. Nf3 Nc6 3. Bc4 d6 4. d4 Bg4 5. c3 Qd7 6. Be3 Nf6 7. Nbd2 exd4 8.
cxd4 d5 9. exd5 Nxd5 10. O-O Be7 11. h3 Be6 12. Bb5 Bd6 13. Nc4 f6 14. Qa4 Nb6
15. Nxb6 cxb6 16. d5 Bxd5 17. Rfd1 Bxf3 18. gxf3 O-O-O 19. Bf4 Qc7 20. Rxd6
Rxd6 21. Bxd6 Qxd6 22. Rc1 Kb8 23. Bxc6 Rc8 24. Rd1 Qxc6 25. Qf4+ Qc7 26. Qg4
Qc4 27. Rd7 Qxg4+ 28. fxg4 Rg8 29. Kg2 b5 30. b4 a6 31. Kg3 Ka7 32. h4 Kb6 33.
h5 Kc6 34. Rf7 h6 35. Kf4 b6 36. Kf5 a5 37. a3 axb4 38. axb4 Kd5 39. Rc7 Kd6
40. Rb7 Kc6 1/2-1/2

[Event "II Weekend INPS"]
[Site "Roma ITA"]
[Date "1997.??.??"]
[Round "2"]
[White "Spaziani, Gianni"]
[Black "Verrascina, Nicola"]
[Result "1/2-1/2"]
[WhiteElo "1761"]
[BlackElo "2145"]
[PlyCount "66"]
[EventDate "1997.??.??"]

1. d4 f5 2. Nf3 Nf6 3. Nc3 d5 4. Bg5 e6 5. e3 c6 6. a3 Nbd7 7. Bd3 Bd6 8. Ne2
O-O 9. Bf4 Bxf4 10. Nxf4 Qe8 11. c4 Ne4 12. h4 b6 13. Qc2 Bb7 14. h5 c5 15.
cxd5 exd5 16. Bb5 a6 17. Bxd7 Qxd7 18. Ne5 Qb5 19. Ne2 Rac8 20. Nc3 cxd4 21.
exd4 Qa5 22. b4 Qb5 23. Qxe4 dxe4 24. Nxb5 axb5 25. O-O Rfd8 26. Rfd1 Rc2 27.
Rac1 Rxd4 28. Rxd4 Rxc1+ 29. Kh2 Rc8 30. Rd7 Re8 31. Nf7 Bc6 32. Rc7 e3 33.
fxe3 Rxe3 1/2-1/2

[Event "II Weekend INPS"]
[Site "Roma ITA"]
[Date "1997.??.??"]
[Round "2"]
[White "Tosoni, Augusto"]
[Black "Barletta, Antonio"]
[Result "1/2-1/2"]
[WhiteElo "2116"]
[BlackElo "1935"]
[PlyCount "90"]
[EventDate "1997.??.??"]

1. e4 e5 2. Nf3 Nc6 3. Bb5 a6 4. Ba4 Nf6 5. O-O Be7 6. Re1 b5 7. Bb3 O-O 8. c3
d5 9. d3 dxe4 10. dxe4 Qxd1 11. Bxd1 Bg4 12. Bg5 h6 13. Bh4 Rad8 14. Nbd2 Rfe8
15. a4 Nh5 16. Bg3 Nxg3 17. hxg3 Bg5 18. Nf1 b4 19. Nxg5 Bxd1 20. Nxf7 Kxf7 21.
Rexd1 bxc3 22. bxc3 Rxd1 23. Rxd1 Rd8 24. Rxd8 Nxd8 25. Nd2 Ne6 26. Nb3 Ke7 27.
Kf1 Kd6 28. Ke2 g5 29. Kd3 h5 30. Ke3 Ke7 31. Nd2 Nc5 32. a5 Kf6 33. f4 Ne6 34.
fxe5+ Kxe5 35. Nc4+ Kf6 36. Nd2 Ke5 37. Nf3+ Kd6 38. Nd4 Nc5 39. Nf5+ Ke5 40.
Nd4 Nxe4 41. Nf3+ Kf5 42. Nd4+ Ke5 43. Nc6+ Kf5 44. Nd4+ Ke5 45. Nc6+ Kf5
1/2-1/2

[Event "II Weekend INPS"]
[Site "Roma ITA"]
[Date "1997.??.??"]
[Round "2"]
[White "Trebeschi, Andrea"]
[Black "Angelucci, Marco"]
[Result "1/2-1/2"]
[WhiteElo "1660"]
[BlackElo "1600"]
[PlyCount "107"]
[EventDate "1997.??.??"]

1. e4 e6 2. d4 d5 3. e5 c5 4. c3 Qb6 5. Nf3 Bd7 6. Bd3 Bb5 7. Qe2 Bxd3 8. Qxd3
Qa6 9. Ke2 Qxd3+ 10. Kxd3 Nc6 11. a3 Nge7 12. Be3 cxd4 13. cxd4 Nf5 14. Nbd2
Nxe3 15. fxe3 Be7 16. b4 O-O 17. Rhc1 Rfc8 18. Nb3 b6 19. Rc3 Bd8 20. Rac1 Ne7
21. Rxc8 Rxc8 22. Rxc8 Nxc8 23. e4 Ne7 24. exd5 Nxd5 25. g3 h5 26. Kc4 a6 27.
Nc1 Kf8 28. Ne2 Ke8 29. Nf4 Nxf4 30. gxf4 b5+ 31. Kc5 Kd7 32. d5 exd5 33. Kxd5
Bb6 34. Ng5 Be3 35. Ke4 Bc1 36. Nxf7 Ke7 37. Nd6 Bxa3 38. Nf5+ Kf8 39. Nd4 Bxb4
40. Ne6+ Kf7 41. Nc7 a5 42. Nxb5 a4 43. Kd3 a3 44. Kc2 Ke6 45. Kb3 Bf8 46. Nxa3
g5 47. fxg5 Kxe5 48. Nc4+ Kf5 49. Kc3 Kxg5 50. Kd3 Kh4 51. Ke3 Bc5+ 52. Kf3 Kh3
53. Ne5 Kxh2 54. Ng6 1/2-1/2

[Event "II Weekend INPS"]
[Site "Roma ITA"]
[Date "1997.??.??"]
[Round "2"]
[White "Vallifuoco, Giovanni"]
[Black "Gardon, Ermanno"]
[Result "0-1"]
[WhiteElo "2255"]
[BlackElo "1722"]
[PlyCount "80"]
[EventDate "1997.??.??"]

1. d4 Nf6 2. c4 c5 3. d5 b5 4. cxb5 a6 5. bxa6 Bxa6 6. Nc3 d6 7. f4 g6 8. Nf3
Bg7 9. e4 Bxf1 10. Rxf1 Qb6 11. Qe2 O-O 12. e5 Nfd7 13. Kf2 dxe5 14. fxe5 Na6
15. Kg1 Nc7 16. Kh1 Qb7 17. Rd1 Nb6 18. Be3 Nbxd5 19. Bxc5 Nxc3 20. bxc3 Ne6
21. Bb4 Nf4 22. Qc4 Bxe5 23. Rd2 Rfc8 24. Qf1 Bxc3 25. Bxc3 Rxc3 26. Ne5 Qe4
27. Ng4 h5 28. Re1 Qb4 29. Rf2 Nd3 30. Nh6+ Kg7 31. Rxf7+ Kxh6 32. Qf3 Ne5 33.
Qxa8 Rc8 34. Qa6 Qxe1+ 35. Rf1 Rc1 36. Kg1 Qxf1+ 37. Qxf1 Rxf1+ 38. Kxf1 Kg5
39. Ke2 Kf4 40. a4 Nc4 0-1

[Event "II Weekend INPS"]
[Site "Roma ITA"]
[Date "1997.??.??"]
[Round "2"]
[White "Vannelli, Vittorio"]
[Black "Marta, Daniele"]
[Result "0-1"]
[WhiteElo "1636"]
[BlackElo "1816"]
[PlyCount "62"]
[EventDate "1997.??.??"]

1. e4 e6 2. d4 d5 3. exd5 exd5 4. Bd3 Bd6 5. Nf3 Nf6 6. Bg5 O-O 7. O-O Bg4 8.
h3 Bh5 9. g4 Bg6 10. Bxg6 hxg6 11. Nc3 c6 12. Ne2 Nbd7 13. Bf4 Qc7 14. Qd2 Ne4
15. Bxd6 Qxd6 16. Qf4 Rfe8 17. Qxd6 Nxd6 18. Nf4 Ne4 19. Rfe1 g5 20. Nd3 f6 21.
h4 gxh4 22. Nxh4 Kf7 23. Nf5 g6 24. Rxe4 dxe4 25. Nd6+ Kf8 26. Nf4 Kg7 27.
Nxe8+ Rxe8 28. Re1 f5 29. f3 Nf6 30. g5 Nd5 31. Nd3 exd3 0-1

[Event "II Weekend INPS"]
[Site "Roma ITA"]
[Date "1997.??.??"]
[Round "2"]
[White "Vignato, Giovanni"]
[Black "Morgia, Fabrizio"]
[Result "0-1"]
[WhiteElo "2150"]
[BlackElo "1600"]
[PlyCount "83"]
[EventDate "1997.??.??"]

1. c4 c5 2. Nf3 g6 3. d4 cxd4 4. Nxd4 Bg7 5. e4 e6 6. Nc3 a6 7. Be2 Ne7 8. O-O
O-O 9. Be3 Nbc6 10. Qd2 d5 11. exd5 exd5 12. c5 Bd7 13. Rfd1 Rc8 14. Bf3 Be6
15. Nde2 Na5 16. Nxd5 Nxd5 17. Bxd5 Bxd5 18. Qxd5 Qxd5 19. Rxd5 Bxb2 20. Rb1
Rfd8 21. Rxd8+ Rxd8 22. g3 Bf6 23. Kg2 Rd7 24. Kf3 Nc4 25. Rb4 Nxe3 26. fxe3
Be7 27. c6 Bxb4 28. cxd7 Ba5 29. Nd4 Bd8 30. Nb3 Kf8 31. Nc5 Ke7 32. Nxb7 Bb6
33. d8=Q+ Bxd8 34. Nxd8 Kxd8 35. Ke4 Kd7 36. Kd5 h6 37. e4 g5 38. h3 h5 39. a3
f6 40. a4 a5 41. g4 hxg4 42. hxg4 0-1

[Event "II Weekend INPS"]
[Site "Roma ITA"]
[Date "1997.??.??"]
[Round "3"]
[White "Abuhamdieh, Arafat"]
[Black "Vanzan, Alessandro"]
[Result "1-0"]
[WhiteElo "1294"]
[BlackElo "1528"]
[PlyCount "91"]
[EventDate "1997.??.??"]

1. d4 Nf6 2. c4 g6 3. Nc3 Bg7 4. e4 d6 5. Be2 O-O 6. Nf3 e5 7. d5 Nbd7 8. O-O
Nc5 9. Qc2 Ne8 10. b4 Na6 11. a3 f5 12. exf5 e4 13. Ng5 Bxf5 14. Ngxe4 Bxe4 15.
Qxe4 Bxc3 16. Qe6+ Kg7 17. Ra2 Nf6 18. Qh3 Kh8 19. Qxc3 Kg8 20. Bh6 Rf7 21. f4
Ne4 22. Qh3 Qf6 23. f5 Qd4+ 24. Be3 Qe5 25. fxg6 Rxf1+ 26. Bxf1 hxg6 27. Qg4 g5
28. h4 Nc3 29. Bd4 Qf4 30. Qxf4 gxf4 31. Bxc3 c6 32. dxc6 bxc6 33. c5 Nc7 34.
cxd6 Nd5 35. Bc4 Kh7 36. Bxd5 cxd5 37. Be5 Rf8 38. Rc2 Kg6 39. d7 Rd8 40. Rc7
Kf5 41. Bd4 Ke4 42. Bxa7 d4 43. Kf2 d3 44. Rc4+ Ke5 45. Rd4 Ke6 46. Rxd3 1-0

[Event "II Weekend INPS"]
[Site "Roma ITA"]
[Date "1997.??.??"]
[Round "3"]
[White "Angelucci, Marco"]
[Black "Siraco, Maurizio"]
[Result "0-1"]
[WhiteElo "1600"]
[BlackElo "1911"]
[PlyCount "98"]
[EventDate "1997.??.??"]

1. e4 c5 2. d3 Nc6 3. Nf3 d6 4. c3 Nf6 5. Be2 g6 6. Na3 Bg7 7. O-O O-O 8. Re1
a6 9. Nc2 b5 10. Bf1 Ne5 11. d4 Nxf3+ 12. Qxf3 Bb7 13. dxc5 dxc5 14. Bg5 Qc7
15. Rad1 Rad8 16. Bxf6 exf6 17. Ne3 f5 18. Nd5 fxe4 19. Qxe4 Rxd5 20. Rxd5 Bxd5
21. Qxd5 Rd8 22. Qe4 Bf6 23. g3 Kg7 24. Bg2 Rd2 25. Qa8 Qd6 26. Re8 Rxb2 27.
Rg8+ Kh6 28. h4 Rb1+ 29. Kh2 Bxh4 30. Qe4 Qd1 31. Qxh4+ Qh5 32. Qxh5+ Kxh5 33.
Bf3+ Kh6 34. Re8 Rc1 35. Kg2 Rxc3 36. Re3 Rxe3 37. fxe3 c4 38. Kf2 b4 39. Bd5
c3 40. Bb3 f5 41. Kf3 Kg5 42. Bc2 a5 43. Bb3 h5 44. Bc2 Kf6 45. Kf4 g5+ 46. Kf3
Ke5 47. Bb1 a4 48. Bc2 b3 49. axb3 a3 0-1

[Event "II Weekend INPS"]
[Site "Roma ITA"]
[Date "1997.??.??"]
[Round "3"]
[White "Barletta, Antonio"]
[Black "Trebeschi, Andrea"]
[Result "0-1"]
[WhiteElo "1935"]
[BlackElo "1660"]
[PlyCount "114"]
[EventDate "1997.??.??"]

1. e4 d6 2. d4 Nf6 3. Nc3 g6 4. f4 Bg7 5. Nf3 c5 6. dxc5 Qa5 7. Bd3 Qxc5 8. Qe2
a6 9. Be3 Qc7 10. O-O Nbd7 11. Kh1 Nc5 12. e5 Ng4 13. Nd5 Qc6 14. exd6 Qxd6 15.
Nxe7 Qxe7 16. Bxc5 Qxe2 17. Bxe2 Bxb2 18. Rab1 Bg7 19. Bc4 Kd7 20. Bxf7 Kc6 21.
Bg1 Rf8 22. Ng5 b5 23. c4 Rb8 24. cxb5+ Rxb5 25. Rfc1+ Kb7 26. Bd5+ Kb8 27. Bc5
Rd8 28. a4 Rb2 29. Rxb2+ Bxb2 30. Rd1 Nf6 31. Bf3 Rxd1+ 32. Bxd1 Kc7 33. Bf3
Bc3 34. Ne4 Nxe4 35. Bxe4 Bd7 36. Bc2 Kc6 37. Be3 Kd5 38. Kg1 Kc4 39. Kf1 Kb4
40. Ke2 Bxa4 41. Bd3 Bb5 42. Bxb5 Kxb5 43. Kd3 Kb4 44. Kc2 a5 45. Bd2 Bxd2 46.
Kxd2 Kc4 47. g4 Kd4 48. f5 gxf5 49. gxf5 Ke5 50. Kc3 Kxf5 51. Kb3 Kg4 52. Ka4
Kh3 53. Kxa5 Kxh2 54. Kb4 h5 55. Kc3 h4 56. Kd3 Kg2 57. Ke2 h3 0-1

[Event "II Weekend INPS"]
[Site "Roma ITA"]
[Date "1997.??.??"]
[Round "3"]
[White "Cattarinich, Benedetto"]
[Black "Campagna, Maurizio"]
[Result "1-0"]
[WhiteElo "1837"]
[BlackElo "1573"]
[PlyCount "95"]
[EventDate "1997.??.??"]

1. d4 Nf6 2. c4 e6 3. Nf3 b6 4. e3 Bb7 5. Bd3 Be7 6. Nc3 d5 7. Qe2 O-O 8. O-O
Nbd7 9. Rd1 dxc4 10. Bxc4 Ne4 11. Nxe4 Bxe4 12. Bd2 Nf6 13. Bc3 Nd5 14. Be1 Bd6
15. Bd3 f5 16. Ne5 Bxe5 17. dxe5 Qh4 18. Bc4 Qh6 19. f3 Qxe3+ 20. Qxe3 Nxe3 21.
Bxe6+ Kh8 22. Rd7 Bc2 23. Bc3 c5 24. Kf2 f4 25. g3 Rfd8 26. gxf4 Nd1+ 27. Ke2
Nxc3+ 28. bxc3 Ba4 29. Rxd8+ Rxd8 30. Bb3 Bb5+ 31. Ke3 Rd3+ 32. Ke4 Rxc3 33.
Rd1 g6 34. Rd8+ Kg7 35. Rg8+ Kh6 36. e6 c4 37. Bd1 Bc6+ 38. Ke5 Rd3 39. Bc2 Rd2
40. Be4 c3 41. Rc8 Ba4 42. Rxc3 Rxa2 43. e7 Rxh2 44. Bc6 Re2+ 45. Kf6 Bxc6 46.
Rxc6 Rxe7 47. Kxe7 Kg7 48. Ke6 1-0

[Event "II Weekend INPS"]
[Site "Roma ITA"]
[Date "1997.??.??"]
[Round "3"]
[White "Cenni, Franco"]
[Black "Vigile, Matteo"]
[Result "0-1"]
[WhiteElo "1663"]
[BlackElo "1771"]
[PlyCount "48"]
[EventDate "1997.??.??"]

1. d4 Nf6 2. c4 c5 3. e3 d5 4. Nc3 e6 5. Nf3 Nc6 6. Be2 Bd6 7. O-O O-O 8. dxc5
Bxc5 9. cxd5 exd5 10. a3 Be6 11. b4 Bd6 12. Nb5 Be7 13. Bb2 Ne4 14. Rc1 Bf6 15.
Bxf6 Qxf6 16. Nbd4 Rac8 17. Nxc6 bxc6 18. Nd4 c5 19. bxc5 Rxc5 20. Qa4 Rxc1 21.
Rxc1 Qxf2+ 22. Kh1 Qxe3 23. Ra1 Nf2+ 24. Kg1 Nh3+ 0-1

[Event "II Weekend INPS"]
[Site "Roma ITA"]
[Date "1997.??.??"]
[Round "3"]
[White "Chiaretti, Roberto"]
[Black "Farina, Saverio"]
[Result "1-0"]
[WhiteElo "2150"]
[BlackElo "2195"]
[PlyCount "107"]
[EventDate "1997.??.??"]

1. e4 e6 2. d4 d5 3. Nd2 c5 4. Ngf3 Nc6 5. exd5 exd5 6. Bb5 Nf6 7. O-O Be7 8.
dxc5 O-O 9. Nb3 Ne4 10. Be3 Bg4 11. Be2 Rc8 12. Nfd4 Nxd4 13. Nxd4 Bxe2 14.
Qxe2 Bxc5 15. Rad1 Re8 16. c3 Qh4 17. Nf3 Qh5 18. Bxc5 Nxc5 19. Qd2 Rcd8 20.
Rfe1 Rxe1+ 21. Rxe1 Ne6 22. h3 h6 23. Qe3 b6 24. Nd4 Nxd4 25. Qxd4 Qg5 26. h4
Qf5 27. c4 Kf8 28. Rd1 Re8 29. cxd5 Re4 30. Qd2 Rxh4 31. d6 Qh5 32. f3 Rh1+ 33.
Kf2 Qh4+ 34. Ke2 Qc4+ 35. Qd3 Qe6+ 36. Kf2 Rxd1 37. Qxd1 Ke8 38. Qa4+ Qd7 39.
Qd4 f6 40. Qd5 Kf8 41. Kg1 Qe8 42. Kf2 Qd7 43. a4 h5 44. b4 h4 45. b5 g5 46.
Qc6 Qxc6 47. bxc6 Ke8 48. Ke3 f5 49. Kd4 g4 50. fxg4 fxg4 51. Kd5 h3 52. gxh3
gxh3 53. Ke6 h2 54. c7 1-0

[Event "II Weekend INPS"]
[Site "Roma ITA"]
[Date "1997.??.??"]
[Round "3"]
[White "Colangeli, Claudio"]
[Black "Luzi, Alessandro"]
[Result "0-1"]
[WhiteElo "1651"]
[BlackElo "1540"]
[PlyCount "46"]
[EventDate "1997.??.??"]

1. d4 Nf6 2. c4 g6 3. Nc3 Bg7 4. e4 d6 5. Nf3 O-O 6. Be2 e5 7. d5 c6 8. O-O
cxd5 9. cxd5 Nbd7 10. Be3 Ne8 11. Nd2 f5 12. f3 f4 13. Bf2 a6 14. a4 Ndf6 15.
Nc4 Nh5 16. Nb6 Qg5 17. Nxc8 Rxc8 18. Qb3 Rf7 19. Qa3 Ng3 20. Rfc1 Rxc3 21.
Rxc3 Nxe2+ 22. Kf1 Nxc3 23. Qxc3 Rc7 0-1

[Event "II Weekend INPS"]
[Site "Roma ITA"]
[Date "1997.??.??"]
[Round "3"]
[White "Collalto, Alessio"]
[Black "Satta, Vladimiro"]
[Result "0-1"]
[WhiteElo "1600"]
[BlackElo "2230"]
[PlyCount "50"]
[EventDate "1997.??.??"]

1. e4 e6 2. Qe2 c5 3. g3 Nc6 4. Nf3 g6 5. Bg2 Bg7 6. O-O Nge7 7. Rd1 O-O 8. d3
b6 9. c3 Ba6 10. Bf4 Re8 11. Nbd2 e5 12. Be3 d5 13. exd5 Nxd5 14. c4 Nxe3 15.
Qxe3 Qd7 16. Nb3 Rad8 17. a4 Nb4 18. Ne1 Bb7 19. Bxb7 Qxb7 20. Qe4 Qc7 21. a5
f5 22. Qg2 e4 23. d4 cxd4 24. Ra4 Qxc4 25. Nd2 Qb5 0-1

[Event "II Weekend INPS"]
[Site "Roma ITA"]
[Date "1997.??.??"]
[Round "3"]
[White "Coppini, Giorgio"]
[Black "Spaziani, Gianni"]
[Result "1-0"]
[WhiteElo "2195"]
[BlackElo "1761"]
[PlyCount "98"]
[EventDate "1997.??.??"]

1. e4 e6 2. d4 d5 3. Nd2 Nf6 4. e5 Nfd7 5. Bd3 c5 6. c3 Nc6 7. Ne2 cxd4 8. cxd4
Be7 9. f4 f5 10. Nf3 Qb6 11. O-O Nf8 12. Kh1 Ng6 13. a3 Bd7 14. Nc3 a6 15. Rb1
Qd8 16. Be3 b5 17. b4 Rc8 18. Ne2 O-O 19. Nd2 Qe8 20. Nb3 Qf7 21. Qd2 Rb8 22.
Nc5 Bxc5 23. bxc5 Bc8 24. Qe1 Qc7 25. Bd2 Rf7 26. Bc3 Qe7 27. Ng1 h6 28. Rb2
Qh4 29. Qxh4 Nxh4 30. g3 Ng6 31. Nf3 Ra7 32. Rfb1 Rab7 33. Nd2 Nge7 34. h4 g6
35. Kg2 Kf7 36. Kf3 h5 37. Ke3 Ng8 38. Nb3 Nge7 39. Na5 Nxa5 40. Bxa5 Nc6 41.
Bb6 Ra8 42. Bc2 a5 43. Bd3 Na7 44. Bxa5 Nc6 45. Bc3 Rba7 46. Rb3 Ke8 47. Kd2
Rb8 48. a4 b4 49. Bxb4 Rxa4 1-0

[Event "II Weekend INPS"]
[Site "Roma ITA"]
[Date "1997.??.??"]
[Round "3"]
[White "Di Lascio, Savino"]
[Black "Viscogliosi, Enzo"]
[Result "0-1"]
[WhiteElo "1708"]
[BlackElo "1732"]
[PlyCount "158"]
[EventDate "1997.??.??"]

1. Nf3 Nf6 2. c4 e6 3. g3 b6 4. Bg2 Bb7 5. O-O Be7 6. d3 O-O 7. e4 d6 8. Nc3
Nbd7 9. Qc2 c5 10. d4 cxd4 11. Nxd4 Ne5 12. b3 Rc8 13. f4 Nc6 14. Nxc6 Bxc6 15.
e5 dxe5 16. Rd1 Qc7 17. fxe5 Bc5+ 18. Kh1 Bxg2+ 19. Qxg2 Qxe5 20. Bb2 Ng4 21.
Rd2 Rcd8 22. Re2 Qd4 23. Ne4 Qd1+ 24. Re1 Qd3 25. h3 Ne3 26. Nxc5 bxc5 27. Qf3
Nc2 28. Qxd3 Rxd3 29. Red1 Rfd8 30. Rxd3 Rxd3 31. Rc1 Nb4 32. a3 Na6 33. b4 f6
34. b5 Nb8 35. a4 Kf7 36. a5 Ke7 37. Ra1 Kd6 38. Ba3 Rd4 39. a6 Nd7 40. Rc1 Nb6
41. Kg2 Rxc4 42. Rd1+ Kc7 43. Rd3 Nd5 44. Kf3 Nc3 45. b6+ Kxb6 46. Rd6+ Kc7 47.
Rxe6 Nd5 48. Bb2 Kd7 49. Re4 Rxe4 50. Kxe4 Kd6 51. Kd3 Nb4+ 52. Kc4 Nxa6 53.
Ba3 Nb4 54. g4 Kc6 55. h4 a5 56. h5 g6 57. hxg6 hxg6 58. Bb2 f5 59. gxf5 gxf5
60. Bc1 a4 61. Be3 Na6 62. Bc1 Nc7 63. Be3 Ne6 64. Bc1 f4 65. Bd2 a3 66. Kb3
Kd5 67. Kxa3 Kc4 68. Kb2 Kd3 69. Kc1 c4 70. Kd1 c3 71. Bc1 f3 72. Ke1 Nc5 73.
Kf2 Ke4 74. Kf1 Nd3 75. Bg5 c2 76. Bh6 Nf4 77. Bxf4 Kxf4 78. Kf2 Ke4 79. Kg3
c1=Q 0-1

[Event "II Weekend INPS"]
[Site "Roma ITA"]
[Date "1997.??.??"]
[Round "3"]
[White "Galdelli, Fabiano"]
[Black "Zagaglia, Alessandro"]
[Result "1-0"]
[WhiteElo "1738"]
[BlackElo "1537"]
[PlyCount "133"]
[EventDate "1997.??.??"]

1. e4 e6 2. d4 d5 3. Nc3 Nf6 4. Bg5 Be7 5. e5 Nfd7 6. Bxe7 Qxe7 7. a3 a6 8. b4
O-O 9. Nf3 f6 10. Bd3 fxe5 11. dxe5 Nc6 12. O-O Ndxe5 13. Nxe5 Nxe5 14. Bxh7+
Kxh7 15. Qh5+ Kg8 16. Qxe5 c6 17. Rae1 a5 18. Rb1 axb4 19. axb4 Rf5 20. Qe1 e5
21. Ne2 e4 22. Nd4 Rf7 23. c3 Qg5 24. Qe3 Qg6 25. Ra1 Rb8 26. h4 Bf5 27. Qg3
Qxg3 28. fxg3 Bg4 29. Rf4 Rxf4 30. gxf4 Rf8 31. g3 Kh7 32. Kf2 Kg6 33. Ke3 Kf6
34. Kf2 Rd8 35. Nc2 Ke6 36. Ra7 Rd7 37. Nd4+ Kd6 38. Nb3 Kc7 39. Nc5 Kb6 40.
Ra8 Rf7 41. Ke3 Kb5 42. Ra7 Kb6 43. Ra5 Kc7 44. Nb3 Kb8 45. Nd4 Kc7 46. Nc2 Kb8
47. Kd4 b6 48. Ra3 Re7 49. Ne3 Bc8 50. Rb3 Bb7 51. Ng4 Kc7 52. Ne5 Kd6 53. Ra3
c5+ 54. bxc5+ bxc5+ 55. Ke3 Kc7 56. Ra5 Kb6 57. Ra2 Kb5 58. Rb2+ Ka6 59. g4 Ka5
60. Ra2+ Kb5 61. h5 Re6 62. g5 Rb6 63. Rb2+ Ka6 64. Ra2+ Kb5 65. Rb2+ Ka6 66.
Rxb6+ Kxb6 67. h6 1-0